00279    a2200133   4500001000700000020002200007040001100029100002200040240003000062245002500092300000700117362000900124440001200133194520  a978-85-8184-038-3  cMagnum  aQuintana, Mário10aLili inventa o mundolpor10aLili inventa o mundo  a410 a2013 1aGaudí